électronique Documents et exercises

সংরক্ষণ করুন:
গ্রন্থ-পঞ্জীর বিবরন
প্রধান লেখক: J P Burban
বিন্যাস: গ্রন্থ
ভাষা:Undetermined
প্রকাশিত: Paris école des Mines de Paris 1998
বিষয়গুলি:
ট্যাগগুলো: ট্যাগ যুক্ত করুন
কোনো ট্যাগ নেই, প্রথমজন হিসাবে ট্যাগ করুন!
Thư viện lưu trữ: Trung tâm Học liệu Trường Đại học Cần Thơ
LEADER 00523nam a2200193Ia 4500
001 CTU_43930
008 210402s9999 xx 000 0 und d
082 |a 621.381 
082 |b B946/1998 
100 |a J P Burban 
245 0 |a électronique 
245 0 |b Documents et exercises 
245 0 |c J P Burban 
260 |a Paris 
260 |b école des Mines de Paris 
260 |c 1998 
650 |a electronics 
904 |i Nguyễn Quang Điền, 010911 
980 |a Trung tâm Học liệu Trường Đại học Cần Thơ